Novel writing / (Record no. 96179)
[ view plain ]
| 000 -LEADER | |
|---|---|
| fixed length control field | 00984nam a22002657a 4500 |
| 005 - DATE AND TIME OF LATEST TRANSACTION | |
| control field | 20160328101338.0 |
| 010 ## - LCCN (DPL NO) | |
| LC control number | 1516EN07 ENG-114774 |
| 020 ## - INTERNATIONAL STANDARD BOOK NUMBER | |
| International Standard Book Number | 9781780937106 |
| Terms of availability | 399.00 |
| 035 ## - SYSTEM CONTROL NUMBER | |
| System control number | EN-98306 |
| 035 ## - SYSTEM CONTROL NUMBER | |
| System control number | B-598651-664 |
| 037 ## - SOURCE OF ACQUISITION | |
| Stock number | dpl |
| Source of stock number/acquisition | Asian/Ven |
| 037 ## - SOURCE OF ACQUISITION | |
| Source of stock number/acquisition | DBAD/PUB |
| 082 ## - DEWEY DECIMAL CLASSIFICATION NUMBER | |
| Classification number | 808.3 |
| 100 ## - MAIN ENTRY--PERSONAL NAME | |
| Personal name | Gunesekera, Romesh |
| 245 ## - TITLE STATEMENT | |
| Title | Novel writing / |
| Statement of responsibility, etc | by Romesh Gunesekera [and] A.L.Kennedy |
| 260 ## - PUBLICATION, DISTRIBUTION, ETC. (IMPRINT) | |
| Place of publication, distribution, etc | London |
| Name of publisher, distributor, etc | Bloomsbury Publishing |
| Date of publication, distribution, etc | 2015 |
| 270 ## - ADDRESS | |
| Address | 50 Bedford Square |
| City | London |
| Postal code | WC1B 3DP |
| 300 ## - PHYSICAL DESCRIPTION | |
| Extent | xiv,223p. |
| Dimensions | 20cm(pbk) |
| 490 ## - SERIES STATEMENT | |
| Series statement | A writers' and artists' companion ; edited by Carole Angier [and] Sally Cline |
| 500 ## - GENERAL NOTE | |
| General note | Includes bibliographical references and index |
| 650 ## - SUBJECT ADDED ENTRY--TOPICAL TERM | |
| Topical term or geographic name as entry element | Fiction |
| General subdivision | Authorship. |
| 700 ## - ADDED ENTRY--PERSONAL NAME | |
| Personal name | Kennedy, A.L. |
| 942 ## - ADDED ENTRY ELEMENTS (KOHA) | |
| Source of classification or shelving scheme | Dewey Decimal Classification |
| Item type | English Books |
| Call number suffix | GUN |
| Classification part | 808.3 |
| Withdrawn status | Lost status | Not for loan | Collection code | Home library | Current library | Date acquired | Source of acquisition | Cost, normal purchase price | Full call number | Barcode | Copy number | Cost, replacement price | Koha item type |
|---|---|---|---|---|---|---|---|---|---|---|---|---|---|
| Non-fiction | Bawana | Bawana | 28/03/2016 | IN-4647/23.9.2015/111/16.9.2015/30.9.2015 | 399.00 | 808.3 GUN | B-598660 | 1 | 399.00 | English Books | |||
| Non-fiction | Bawana | Bawana | 28/03/2016 | IN-4647/23.9.2015/111/16.9.2015/30.9.2015 | 399.00 | 808.3 GUN | B-598662 | 1 | 399.00 | English Books | |||
| Non-fiction | Central Library | Central Library | 28/03/2016 | IN-4647/23.9.2015/111/16.9.2015/30.9.2015 | 399.00 | 808.3 GUN | B-598651 | 1 | 399.00 | English Books | |||
| Not For Loan | Non-fiction | D.B.Act.Division | D.B.Act.Division | 21/01/2016 | DBAD/PUB | 399.00 | 808.3 GUN | EN-98306 | 1 | 399.00 | English Books | ||
| Non-fiction | Janak Puri | Janak Puri | 28/03/2016 | IN-4647/23.9.2015/111/16.9.2015/30.9.2015 | 399.00 | 808.3 GUN | B-598658 | 1 | 399.00 | English Books | |||
| Non-fiction | Kasturba Gandhi Marg | Kasturba Gandhi Marg | 28/03/2016 | IN-4647/23.9.2015/111/16.9.2015/30.9.2015 | 399.00 | 808.3 GUN | B-598656 | 1 | 399.00 | English Books | |||
| Non-fiction | Mobile Library | Mobile Library | 28/03/2016 | IN-4647/23.9.2015/111/16.9.2015/30.9.2015 | 399.00 | 808.3 GUN | B-598652 | 2 | 399.00 | English Books | |||
| Non-fiction | Mobile Library | Mobile Library | 28/03/2016 | IN-4647/23.9.2015/111/16.9.2015/30.9.2015 | 399.00 | 808.3 GUN | B-598653 | 2 | 399.00 | English Books | |||
| Non-fiction | Narela | Narela | 28/03/2016 | IN-4647/23.9.2015/111/16.9.2015/30.9.2015 | 399.00 | 808.3 GUN | B-598661 | 1 | 399.00 | English Books | |||
| Non-fiction | New Police Line | New Police Line | 28/03/2016 | IN-4647/23.9.2015/111/16.9.2015/30.9.2015 | 399.00 | 808.3 GUN | B-598654 | 1 | 399.00 | English Books | |||
| Non-fiction | Patel Nagar | Patel Nagar | 28/03/2016 | IN-4647/23.9.2015/111/16.9.2015/30.9.2015 | 399.00 | 808.3 GUN | B-598655 | 1 | 399.00 | English Books | |||
| Non-fiction | Peshwa Road | Peshwa Road | 28/03/2016 | IN-4647/23.9.2015/111/16.9.2015/30.9.2015 | 399.00 | 808.3 GUN | B-598657 | 1 | 399.00 | English Books | |||
| Non-fiction | Sarojini Nagar | Sarojini Nagar | 28/03/2016 | IN-4647/23.9.2015/111/16.9.2015/30.9.2015 | 399.00 | 808.3 GUN | B-598659 | 1 | 399.00 | English Books | |||
| Non-fiction | Shahdara Branch | Shahdara Branch | 28/03/2016 | IN-4647/23.9.2015/111/16.9.2015/30.9.2015 | 399.00 | 808.3 GUN | B-598663 | 1 | 399.00 | English Books | |||
| Non-fiction | Yojana Vihar | Yojana Vihar | 28/03/2016 | IN-4647/23.9.2015/111/16.9.2015/30.9.2015 | 399.00 | 808.3 GUN | B-598664 | 1 | 399.00 | English Books |
